The argumentative Indian: (Record no. 161995)

MARC details
000 -LEADER
fixed length control field 01004nam a22002417a 4500
005 - DATE AND TIME OF LATEST TRANSACTION
control field 20190302171106.0
008 - FIXED-LENGTH DATA ELEMENTS--GENERAL INFORMATION
fixed length control field 190302b ||||| |||| 00| 0 eng d
010 ## - LCCN (DPL NO)
LC control number B-713165
020 ## - INTERNATIONAL STANDARD BOOK NUMBER
International Standard Book Number 9780141012117
Terms of availability 499.00
035 ## - SYSTEM CONTROL NUMBER
System control number B-713165
037 ## - SOURCE OF ACQUISITION
Source of stock number/acquisition Aksharesh Enterprises
040 ## - CATALOGING SOURCE
Original cataloging agency dpl
Language of cataloging en
050 ## - LIBRARY OF CONGRESS CALL NUMBER
DPL Classification number 305.954
082 ## - DEWEY DECIMAL CLASSIFICATION NUMBER
Classification number 305.954
100 ## - MAIN ENTRY--PERSONAL NAME
Personal name Sen, Amartya
245 ## - TITLE STATEMENT
Title The argumentative Indian:
Remainder of title writings on Indian culture,history and identity/
Statement of responsibility, etc by Amartya Sen
260 ## - PUBLICATION, DISTRIBUTION, ETC. (IMPRINT)
Place of publication, distribution, etc London
Name of publisher, distributor, etc Penguine Books
Date of publication, distribution, etc 2006
270 ## - ADDRESS
Address 80 Strand,WC2R, ORL,
City London(England)
300 ## - PHYSICAL DESCRIPTION
Extent 409p
Dimensions 20cm(pbk)
500 ## - GENERAL NOTE
General note includes index
942 ## - ADDED ENTRY ELEMENTS (KOHA)
Source of classification or shelving scheme Dewey Decimal Classification
Item type English Books
Classification part 305.954
Call number suffix SEN
Holdings
Withdrawn status Lost status Source of classification or shelving scheme Damaged status Not for loan Collection code Home library Current library Date acquired Source of acquisition Cost, normal purchase price Total Checkouts Total Renewals Full call number Barcode Date last seen Copy number Cost, replacement price Koha item type
    Dewey Decimal Classification     Non-fiction Patel Nagar Patel Nagar 01/03/2019 Aksharesh Enterprises/0004/06.02.2019/DPL/PN/RP/2018-19/1324/29.01.2019/11.02.2019 499.00 7 5 305.954 SEN B-713165 02/05/2026 1 499.00 English Books

© Delhi Public Library
Hit Counter
free hit counter